| 000 | 01315nam a2200265 a 4500 | ||
|---|---|---|---|
| 001 | 000046730 | ||
| 003 | DO-SdBNP | ||
| 005 | 20230215112406.0 | ||
| 007 | ta | ||
| 008 | 180327s2017 dr 000 0 spa d | ||
| 040 |
_aDO-SdBNP _bspa _cBNPHU |
||
| 082 |
_a343.034 _bR426L, 2017 _222 |
||
| 110 | 1 |
_aRepública Dominicana _9447 |
|
| 240 | 1 | 0 | _a[Leyes, etc.] |
| 245 | 1 | 0 | _aLey de presupuesto general del Estado 2017 : no. 690-16 |
| 260 |
_aSanto Domingo : _bMinisterio de Hacienda, _c2017. |
||
| 300 |
_av. ; _c28 cm. |
||
| 505 | 0 |
_av.1. Primera parte -- _tLey de presupuesto general del Estado 690-16-- _gSegunda parte -- _tAnexos de la ley -- _gTercera parte -- _tDistribución institucional de los gastos apropiados -- _tPoder Legislativo -- _tPoder Ejecutivo -- _tPoder Judicial -- _tOrganisms especiales -- _tCatergorías institucionales -- |
|
| 505 | 2 |
_av. 2. Premera parte -- _tInstituciones descentralizadas y autónomas no financieras -- _tDepartamento de instituciones públicas de la seguridad social y ASFL-- |
|
| 590 | _aInventariado, 2018 /VM | ||
| 650 | 4 |
_aPresupuesto _xLegislación _zRepública Dominicana _97940 _y2017 |
|
| 650 | 4 |
_aHacienda pública _xLegislación _zRepública Dominicana _96562 _y2017 |
|
| 650 | 4 |
_aGastos públicos _xLegislación _zRepública Dominicana _y2017 _983126 |
|
| 942 |
_2ddc _cLBS1 |
||
| 999 |
_c46219 _d46219 |
||